Clubes rebaixados por ano no Brasileirão - Statistics

Estatísticas Gerais
  • Esse quiz foi jogado 205 vezes
  • A pontuação média é 69 de 82
Estatísticas das Respostas
Dica Time % Correto
17° 2020 Vasco
97%
18° 2015 Vasco
97%
18° 2013 Vasco
97%
18° 2008 Vasco
97%
17° 2023 Santos
96%
17° 2021 Grêmio
95%
24° 2004 Grêmio
95%
20° 2020 Botafogo
94%
19° 2014 Botafogo
94%
18° 2023 Goiás
94%
18° 2020 Goiás
94%
19° 2015 Goiás
94%
19° 2010 Goiás
94%
18° 2012 Palmeiras
94%
17° 2007 Corinthians
93%
17° 2019 Cruzeiro
91%
19° 2021 Sport Recife
91%
17° 2018 Sport Recife
91%
17° 2012 Sport Recife
91%
20° 2023 América-MG
90%
18° 2018 América-MG
90%
20° 2016 América-MG
90%
19° 2011 América-MG
90%
19° 2023 Coritiba
90%
19° 2020 Coritiba
90%
17° 2017 Coritiba
90%
17° 2009 Coritiba
90%
19° 2005 Coritiba
90%
17° 2016 Internacional
90%
18° 2021 Bahia
89%
18° 2014 Bahia
89%
24° 2003 Bahia
89%
20° 2005 Atlético-MG
88%
18° 2022 Atlético-GO
87%
20° 2017 Atlético-GO
87%
19° 2012 Atlético-GO
87%
19° 2018 Vitória
86%
17° 2014 Vitória
86%
17° 2010 Vitória
86%
23° 2004 Vitória
86%
19° 2022 Avaí
85%
20° 2019 Avaí
85%
18° 2017 Avaí
85%
17° 2015 Avaí
85%
20° 2011 Avaí
85%
17° 2022 Ceará
85%
18° 2011 Ceará
85%
20° 2021 Chapecoense
85%
19° 2019 Chapecoense
85%
20° 2014 Criciúma
85%
21° 2004 Criciúma
85%
18° 2006 Fortaleza
84%
23° 2003 Fortaleza
84%
20° 2022 Juventude
82%
19° 2007 Juventude
82%
19° 2016 Santa Cruz
82%
20° 2006 Santa Cruz
82%
17° 2011 Athletico-PR
80%
20° 2013 Náutico
80%
19° 2009 Náutico
80%
20° 2018 Paraná
80%
18° 2007 Paraná
80%
19° 2017 Ponte Preta
79%
19° 2013 Ponte Preta
79%
17° 2006 Ponte Preta
79%
18° 2016 Figueirense
77%
20° 2012 Figueirense
77%
17° 2008 Figueirense
77%
18° 2010 Guarani
75%
22° 2004 Guarani
75%
20° 2015 Joinville
73%
17° 2013 Portuguesa
73%
19° 2008 Portuguesa
73%
18° 2019 CSA
72%
21° 2005 Paysandu
68%
20° 2009 Sport Recife
68%
18° 2009 Santo André
58%
20° 2007 América-RN
57%
22° 2005 Brasiliense
55%
19° 2006 São Caetano
55%
20° 2010 Grêmio Barueri
53%
20° 2008 Ipatinga
50%
Nenhum quiz correspondente encontrado
Distribuição das Pontuações
Porcentagem de Pessoas com Cada Pontuação
Percentil de Números Respondidos
Sua Pontuação Histórica
Você não jogou esse quiz